| 000 | 00356cam a2200145ua 4500 | ||
|---|---|---|---|
| 041 |
_ahin _h |
||
| 082 |
_a891.43 _bMIT/BI |
||
| 100 | _aMithaul, Mahendra . | ||
| 245 |
_aBikki falkki / _cMithaul Mahendra. _hTextual Documents |
||
| 260 |
_a : _bBharatiya Sahitya Mandal , _c1962. |
||
| 300 | _a182 ; . | ||
| 504 | _a | ||
| 942 | _cBK | ||
| 999 |
_c2620 _d2620 |
||